000 00536nam a2200193Ia 4500
005 20250507130239.0
008 008 250505s9999 xx 000 0 eng d
037 _aSeries Article
040 _aEASL
_beng
_cEASL
041 _aeng
_2eng
084 _qEASL
100 _aFu Poshek
_9660685
245 0 _aJapanese occupation,shanghai exiles,and postwar Hong kong cinema
260 _aUK
_bUK Cambridge Univesity Press UK
_c2008
300 _a380-394
650 _aChina
942 _cSRA
999 _c1318550
_d1318550